Statistics for The Americas Countries Quiz

Click here to take the quiz!

General Stats

  • This quiz has been taken 9 times
  • The average score is 16 of 26

Answer Stats

ContinentAnswer% Correct
NorthMexico
89%
NorthUnited States of America
89%
NorthBelize
78%
NorthCanada
78%
NorthCosta Rica
78%
SouthGuatemala
78%
NorthHaiti
78%
NorthHonduras
78%
NorthPanama
78%
SouthBrazil
67%
NorthCuba
67%
NorthDominican Republic
67%
NorthNicaragua
67%
NorthDominica
56%
NorthEl Salvador
56%
SouthGuyana
56%
SouthUruguay
56%
SouthArgentina
44%
SouthChile
44%
SouthColombia
44%
SouthEcuador
44%
SouthPeru
44%
SouthSuriname
44%
NorthThe Bahamas
44%
SouthVenezuela
44%
SouthParaguay
33%

Score Distribution

Percentile by Number Answered

Percent of People with Each Score

Your Score History

You have not taken this quiz